000 00539cam a2200205 4500
001 D15718
008 090401t1967 xxu||||| |||| 00| 0 eng d
035 _a(Sirsi) u24776
041 _aeng
050 _a711.14
090 _aRICS 1967/36ABC
110 _aRoyal Institution of Chartered Surveyors
_94900
245 _aMotorways: procedure on acquisition of agricultural land
260 _bRICS, CLAS, CAEAI, CAAV
_c1967
300 _a26p
350 _a0
520 _aFiled in box 1967/36 ABC
942 _n0
948 _c04/03/1997
999 _c88606
_d88606